Posúdenie práce zvárača z hľadiska bezpečnosti a ochrany zdravia pri práci

Saved in:
Bibliographic Details
Main Author: Novomeská, Lea, 1990- (Author)
Other Authors: Szabová, Zuzana, 1979- (Thesis advisor)
Format: Manuscript Book
Language:Slovak
Published: Trnava : STU v Bratislave MTF UBEI, 2013
Subjects:
Online Access:VAIS
Tags: Add Tag
No Tags, Be the first to tag this record!

MARC

LEADER 00000ntm a22000003a 4500
001 stu269994
005 20150617230244.7
008 130703s2013----xo------------------slo-d
040 |a STU  |b slo 
041 0 |a slo 
044 |a xo 
100 1 |a Novomeská, Lea,  |d 1990-  |4 aut  |u M  |T MTF Materiálovotechnologická fakulta  |X 6938  |U M  |Y 60  |7 A000006938 
242 0 0 |a Health and safety at work of the welding work  |y eng 
245 1 |a Posúdenie práce zvárača z hľadiska bezpečnosti a ochrany zdravia pri práci 
260 |a Trnava :  |b STU v Bratislave MTF UBEI,  |c 2013 
650 7 |a Occupational Health and Safety  |2 estusub 
650 7 |a welding  |2 estusub 
650 7 |a analýza rizík  |2 stusub 
650 7 |a zváranie  |2 stusub 
650 7 |a riziko  |2 stusub 
700 1 |a Szabová, Zuzana,  |d 1979-  |4 ths  |u M5000  |U MTF Materiálovotechnologická fakulta  |T MTF Ústav bezpečnosti, environmentu a kvality  |X 4741  |U M5000  |Y 85  |7 A000004741 
856 4 |a info a plný text  |u http://is.stuba.sk/zp/portal_zp.pl?podrobnosti=79347  |3 VAIS 
996 |c M*BP-6352  |l MMSKP  |s P  |a 0  |w stu269994_0001